MARC details
| 000 -LEADER |
| campo de control de longitud fija |
01154nac a22002657a 4500 |
| 003 - IDENTIFICADOR DE NÚMERO DE CONTROL |
| campo de control |
Co-PeBPM |
| 005 - FECHA Y HORA DE LA ÚLTIMA TRANSACCIÓN |
| campo de control |
20240507022413.0 |
| 007 - CAMPO FIJO DE DESCRIPCIÓN FÍSICA--INFORMACIÓN GENERAL |
| campo de control de longitud fija |
ta |
| 008 - DATOS DE LONGITUD FIJA--INFORMACIÓN GENERAL |
| campo de control de longitud fija |
240507s2000 ck a|||| |||| 00| 0 spa d |
| 020 ## - NÚMERO INTERNACIONAL ESTÁNDAR DEL LIBRO |
| Número Internacional Estándar del Libro |
8422684896 |
| 040 ## - FUENTE DE CATALOGACIÓN |
| Centro catalogador/agencia de origen |
Co-PeBPM |
| Lengua de catalogación |
spa |
| Centro/agencia transcriptor |
Co-PeBPM |
| Normas de descripción |
rda |
| 041 ## - CÓDIGO DE IDIOMA |
| Código de lengua del texto/banda sonora o título independiente |
spa |
| 082 04 - NÚMERO DE LA CLASIFICACIÓN DECIMAL DEWEY |
| Número de clasificación |
615.535 G943m |
| Número de edición |
22 |
| 245 14 - MENCIÓN DEL TÍTULO |
| Título |
Guía práctica de las medicinas alternativas |
| Resto del título |
: Acupuntura, aromaterapia, dietoterapia, homeopatía, tai-chi, terapia floral, yoga... |
| 250 ## - MENCION DE EDICION |
| Mención de edición |
Primera edición |
| 260 ## - PUBLICACIÓN, DISTRIBUCIÓN, ETC. |
| Lugar de publicación, distribución, etc. |
Barcelona, España |
| Nombre del editor, distribuidor, etc. |
: Círculo de Lectores, |
| Fecha de publicación, distribución, etc. |
2000 |
| 300 ## - DESCRIPCIÓN FÍSICA |
| Extensión |
127 páginas |
| Otras características físicas |
ilustraciones a color |
| Dimensiones |
20 centímetros |
| 500 ## - NOTA GENERAL |
| Nota general |
Incluye índice |
| 520 ## - RESUMEN, ETC. |
| Sumario, etc. |
Aprovechar las virtudes y conocer las terapias alternativas como la acupuntura, aromaterapia, dietoterapia, hidroterapia, iridiología, kinesiología, medicina ayurvédica, osteopatía… sus indicaciones y su aplicación nos abre una nueva perspectiva de salud y prevención acorde con una concepción global de la salud. |
| 650 1# - PUNTO DE ACCESO ADICIONAL DE MATERIA--TÉRMINO DE MATERIA |
| Término de materia o nombre geográfico como elemento de entrada |
Acupuntura |
| Fuente del encabezamiento o término |
Lemb |
| 650 1# - PUNTO DE ACCESO ADICIONAL DE MATERIA--TÉRMINO DE MATERIA |
| Término de materia o nombre geográfico como elemento de entrada |
Dietoterapia |
| Fuente del encabezamiento o término |
Lemb |
| 650 1# - PUNTO DE ACCESO ADICIONAL DE MATERIA--TÉRMINO DE MATERIA |
| Término de materia o nombre geográfico como elemento de entrada |
Medicina alternativa |
| Fuente del encabezamiento o término |
Lemb |
| 650 1# - PUNTO DE ACCESO ADICIONAL DE MATERIA--TÉRMINO DE MATERIA |
| Término de materia o nombre geográfico como elemento de entrada |
Yoga |
| Fuente del encabezamiento o término |
Lemb |
| 942 ## - ELEMENTOS DE ENTRADA SECUNDARIOS (KOHA) |
| Fuente del sistema de clasificación o colocación |
Clasificación Decimal Dewey |
| Tipo de ítem Koha |
Libros |
| Suprimir en OPAC |
No |